000 00414nam a2200157Ia 4500
008 230711s9999||||xx |||||||||||||| ||und||
041 _aENG
082 _a621
_bKA-H
100 _aCandiotti KA
245 0 _aHealth aspects of chemical and biological weapons
250 _a1st . Ed.
260 _c1990
_aNew Delhi
_bUBS Publishers and Distributors Pvt.Ltd.
650 _aChemistry
700 _aKamat A
942 _cBK
999 _c161
_d161